| 000 | 00406nam a2200145Ia 4500 | ||
|---|---|---|---|
| 008 | 170224s9999 xx 000 0 und d | ||
| 100 | _aChristopher Nobes | ||
| 245 | _aAccounting for capital: the evolution of an idea | ||
| 245 | _cChristopher Nobes | ||
| 260 | _bAccounting and Business Research | ||
| 260 | _c2015 | ||
| 300 | _a45:4, pages 413-441 | ||
| 650 | _xAccountancy | ||
| 650 | _xAccounting | ||
| 999 |
_c316100 _d316100 |
||